Europejskie państwa powyżej 10 Milionów miesszkańców - Statystyki

Ogólne statystyki
  • Ten quiz został rozwiązany 117 razy
  • Średni wynik to 14 z 14
Statystyki odpowiedzi
Obrazkowy Odpowiedź % Poprawnych
Belgia
100%
Francja
100%
Hiszpania
100%
Niemcy
100%
Polska
100%
Ukraina
100%
Wielka Brytania
100%
Grecja
99%
Portugalia
99%
Szwecja
99%
Czechy
98%
Holandia
97%
Rumunia
97%
Włochy
97%
Nie znaleziono quizów pasujących do podanych kryteriów
Rozkład punktacji
Procent ludzi z każdym wynikiem
Percentyl według liczby udzielonych odpowiedzi
Twoja historia wyników
Nie rozwiązałeś tego quizu